25 Największych miast w Chinach na mapie - Statystyki

Ogólne statystyki
  • Ten quiz został rozwiązany 32 razy
  • Średni wynik to 9 z 25
Odpowiedzi na mapie
Odpowiedzi zakodowano w zielono-czerwonej skali na mapie do tego quizu, zgodnie z poniższymi procentami.
 
Statystyki odpowiedzi
Miasto Populacja % Poprawnych
Pekin 19 mln
100%
Szanghaj 22 mln
100%
Guangzhou 16 mln
92%
Wuhan 10,5 mln
77%
Nankin 7,5 mln
54%
Chongqing 9,5 mln
46%
Shenzhen 17,4 mln
46%
Tiencin 11 mln
46%
Xian 9,4 mln
46%
Chengdu 13,5 mln
38%
Xiamen 4,6 mln
38%
Hangzhou 9,2 mln
31%
Harbin 5,2 mln
31%
Dalian 4,9 mln
23%
Kunming 5,3 mln
15%
Zhengzhou 6,5 mln
15%
Changsha 5,6 mln
8%
Dongguan 9,6 mln
8%
Foshan 9 mln
8%
Hefei 5 mln
8%
Jinan 5,6 mln
8%
Qingdao 6,1 mln
8%
Shenyang 7 mln
8%
Shijiazhuang 5,1 mln
0%
Suzhou 5,9 mln
0%
Nie znaleziono quizów pasujących do podanych kryteriów
Rozkład punktacji
Procent ludzi z każdym wynikiem
Percentyl według liczby udzielonych odpowiedzi
Twoja historia wyników
Nie rozwiązałeś tego quizu